000 01016nas a2200313 4500
001 BR2012006710
003 BR-BrBNA
005 20231205121124.0
007 ta
008 230509b bl.|||p| |||| 00| 00por d
040 _aBR-BrBNA
_bpor
_cBiblioteca Nacional de Agricultura
041 _a(Pt)
072 _aQ03
100 1 _aTonelli, G.
100 1 _aManeira, A.A.
100 1 _aDias Júnior, M.D.
100 1 _aCallegari, F.L.
100 1 _aCiabotti, S.
245 1 _aA importância do Serviço de Inspeção Municipal - S.I.M. evolução da estrutura física das queijarias da cidade de Uberaba - MG
650 _aQUEIJO
650 _aINDÚSTRIA CASEIRA
650 _aINSPEÇÃO SANITÁRIA
650 _aREGULAMENTO
650 _aSAÚDE PÚBLICA
650 _aMINAS GERAIS
773 0 _tV Z em Minas. Revista Veterinária e Zootecnia em Minas (Brazil)
_xISSN 2179-9482
_g(Oct-Dez 2011), v. 21(111) p. 14-19
_wBR2012006710
909 _a202311
_bLúcia
_c55
_dLúcia Elande
942 _2AGRIS
_n0
_cANA
999 _c221926
_d221926